00707nam a2200241 a 4500001001300000003000900013005001700022008004100039020002300080082001800103100001900121245003600140260003800176300000900214500003500223505001000258650001500268700001900283902000800302942000700310952013100317999001700448nice12345678IN_TiNIC20260116014324.0080114s2006 dela grp 000 0 eng  a8189612603 c35000a294.5923bRIC aRice, Edward P aMahabharatb Analysis and Index aDelhi bOmega Publications c2006 a112p aincludes index and biblioraphy2 aIndex aMahabharat1 aRice, Edward P bSRS cBK 001040708StackRoom-aHMIbHMId2008-01-14g350.00l1o294.5923 RICp022255r2019-08-26s2019-08-16v350.00w2008-01-14yBK c14807d14807